|
|
|
|
| LEADER |
01101nam a2200277 a 4500 |
| 001 |
4854957 |
| 008 |
091004s1991 mau b 000 0 eng d |
| 010 |
|
|
|a 91075782
|
| 020 |
|
|
|a 1875559019
|
| 020 |
|
|
|a 0963008307
|
| 040 |
|
|
|a DLC
|c DLC
|
| 082 |
0 |
0 |
|a 363.46
|2 21
|
| 100 |
1 |
|
|a Klein, Renate,
|d 1945-
|
| 245 |
1 |
0 |
|a RU 486 :
|b misconceptions, myths, and morals /
|c by Renate Klein, Janice G. Raymond, Lynette J. Dumble.
|
| 260 |
|
|
|a Cambridge, Mass. :
|b Institute on Women and Technology ;
|a Dhaka :
|b Narigrantha Prabortona,
|c c1991.
|
| 300 |
|
|
|a 151 p. ;
|c 20 cm.
|
| 504 |
|
|
|a Includes bibliographical references (p. 132-151).
|
| 541 |
1 |
|
|e 00005884
|
| 650 |
|
0 |
|a Mifepristone.
|
| 650 |
|
0 |
|a Abortifacients.
|
| 650 |
|
0 |
|a Abortion
|x Moral and ethical aspects.
|
| 700 |
1 |
|
|a Raymond, Janice G.
|
| 700 |
1 |
|
|a Dumble, Lynette J.
|
| 852 |
4 |
|
|a Ayesha Abed Library
|j General shelf
|
| 999 |
|
|
|c 4463
|d 4463
|
| 952 |
|
|
|0 0
|1 0
|2 ddc
|4 0
|6 363_460000000000000_KLE_1991
|7 0
|9 4174
|a BRACUL
|b BRACUL
|c GEN
|d 2009-10-11
|g 0.00
|l 0
|o 363.46 KLE
|p 3010005884
|r 2009-10-11
|t 1
|w 2009-10-11
|y BK
|x No price found in the accession register.
|